01113nas a2200337 4500001001300000003000900013005001700022007000300039008003400042040005400076041000900130072000800139100001900147100001800166100001900184100001600203100001700219100002100236245007800257650001100335650000900346650001300355650001100368650001800379773008500397856007100482909004000553942001800593999001900611952014500630BR2018002368BR-BrBNA20231205131455.0ta230509b bl.|||p| |||| 00| 00por d aBR-BrBNAbporcBiblioteca Nacional de Agricultura a(En) aL701 aQueiroga, L.B.1 aLopes, L.M.A.1 aGianotti, G.C.1 aScherer, S.1 aAlievi, M.M.1 aBeck, C.A. de C.1 aLaparoscopic-assisted prepubic urethrostomy: experimental model in rabbit aCOELHO aGATO aCIRURGIA aURETRA aVETERINÁRIA0 tCiência Rural (Brazil)xISSN 1678-4596 g(2018), v. 48(1) p. 1-6wBR201800236840uhttp://www.scielo.br/pdf/cr/v48n1/1678-4596-cr-48-01-e20160897.pdf a202311bLúciac55dLúcia Elande 2AGRISn0cANA c255020d255020 002AGRIS4071a41918b41918cPeriódicos Agrícolash(2018), v. 48(1) p. 1-6l0r2023-11-29t01yCRePortaria Interministerial nº 164/94